Un cambio en la política del Banco Central de Costa Rica y una mayor cooperación entre las políticas monetaria y fiscal

Сохранить в:
Библиографические подробности
Главный автор: Valverde Marín, Jenaro
Формат: Текст
Опубликовано: San Pedro, C. U. Rodrigo Facio: Publicaciones de la Universidad de Costa Rica
Предметы:
Метки: Добавить метку
Нет меток, Требуется 1-ая метка записи!

MARC

LEADER 00000 a a2200000 04500
001 17407
003
040 |a CRAI/IIS  |c CRAI/IIS 
090 |a 020000  
100 |a Valverde Marín, Jenaro  
245 |a Un cambio en la política del Banco Central de Costa Rica y una mayor cooperación entre las políticas monetaria y fiscal  
260 |a San Pedro, C. U. Rodrigo Facio:   |b Publicaciones de la Universidad de Costa Rica  
300 |a 87 p.  
650 |a POLITICA MONETARIA  
650 |a POLITICA FISCAL  
999 |c 16932  |d 16932